000 00614cam a2200217 i 4500
001 3163597
005 20180208044400.0
008 751208s1976 vaua b 001 0 eng
010 _a 75043876
020 _a0879094796
040 _aDLC
_cDLC
_dDLC
041 _aeng
080 _a658.4
082 0 0 _a658.4 EAS
100 1 _a54
101 _aLID
245 1 0 _aManaging for negative growth :
_cAllan Easton ; consulting editor, Joseph L. Massie.
504 _aIncludes bibliographies and index.
906 _a7
_bcbc
_corignew
_d1
_eocip
_f19
_gy-gencatlg
942 _2ddc
_cBK
999 _c42113
_d42113